Statistics for Famous Deaths in 2016

Click here to take the quiz!

General Stats

  • This quiz has been taken 32 times
  • The average score is 5 of 15

Answer Stats

MonthNationalityAgeAnswerNameOccupationCause of Death% Correct
JanuaryUK69David BowieSinger SongwriterLiver Cancer
89%
MarchUSA94Nancy ReaganFirst LadyHeart Failure
64%
NovemberCuba90Fidel CastroPoliticianUndisclosed Illness
61%
AprilUSA57PrinceSinger SongwriterAccidental Overdose
54%
SeptemberUSA87Arnold PalmerGolferHeart Disease
50%
NovemberCanada82Leonard CohenSinger SongwriterLeukemia
36%
DecemberUSA95John GlennAstronautUndisclosed Illness
32%
JuneUK41Jo CoxPoliticianAssassination by Shooting and Stabbing
25%
MarchNetherlands68Johan CruyffFootballerCancer
21%
JanuaryIreland77Terry WoganBroadcasterCancer
14%
JanuaryUSA67Glenn FreySinger SongwriterComplications after surgery
11%
AprilUSA79Merle HaggardCountry SingerPneumonia
7%
FebruaryEgypt93Boutros Boutros GhaliPolitician / DiplomatBroken Pelvis
4%
OctoberUSA73Bobby VeeSinger SongwriterAlzheimer's Disease
0%
AugustUSA83Gene WilderActorAlzheimer's Disease
0%

Score Distribution

Percentile by Number Answered

Percent of People with Each Score

Your Score History

You have not taken this quiz